50 Largest Cities in Florida - Statistics

General Stats
  • This quiz has been taken 22 times
  • The average score is 23 of 50
Answer Stats
Population City % Correct
205,089 Fort Lauderdale
100%
1,009,833 Jacksonville
100%
487,014 Miami
100%
334,854 Orlando
100%
414,547 Tampa
100%
233,025 Tallahassee
94%
235,388 Cape Coral
82%
99,918 Fort Myers
82%
267,102 St. Petersburg
82%
102,238 Boca Raton
76%
86,015 Daytona Beach
76%
148,720 Gainesville
76%
258,575 Hialeah
76%
124,990 Lakeland
76%
116,811 Clearwater
71%
159,073 Hollywood
71%
83,251 Miami Beach
65%
116,173 Miami Gardens
65%
87,561 Melbourne
59%
127,744 West Palm Beach
59%
118,104 Pompano Beach
53%
140,808 Coral Springs
47%
112,052 Davie
47%
84,756 Kissimmee
47%
143,242 Miramar
47%
179,326 Pembroke Pines
47%
85,796 Homestead
41%
142,023 Palm Bay
41%
90,507 Deerfield Beach
29%
100,513 Deltona
29%
82,337 Largo
29%
92,875 North Port
24%
106,729 Palm Coast
24%
100,694 Plantation
24%
83,095 Boynton Beach
18%
116,365 Brandon
18%
83,625 Doral
18%
78,527 Kendall
18%
100,128 Sunrise
18%
107,776 Riverview
12%
82,108 The Villages
12%
90,874 Alafaya
6%
76,627 Lauderdale
6%
118,814 Spring Hill
6%
86,544 Town 'n' Country
6%
127,391 Lehigh Acres
0%
82,264 Pine Hills
0%
71,665 Poinciana
0%
75,147 Tamarac
0%
71,965 Wesley Chapel
0%
No matching quizzes found
Score Distribution
Percent of People with Each Score
Percentile by Number Answered
Your Score History
You have not taken this quiz